Storage and Control of Stock: For Industry and Public Undertaking (Record no. 4016)

MARC details
005 - DATE AND TIME OF LATEST TRANSACTION
control field 20250613163415.0
020 ## - INTERNATIONAL STANDARD BOOK NUMBER
International Standard Book Number 0 273 31415 7
100 ## - MAIN ENTRY--PERSONAL NAME
Author name MORRISON, A
245 ## - TITLE STATEMENT
Title Storage and Control of Stock: For Industry and Public Undertaking
250 ## - EDITION STATEMENT
Edition statement 2nd Ed.
260 ## - PUBLICATION, DISTRIBUTION, ETC.
Place of publication, distribution, etc. Toronto
Name of publisher, distributor, etc. PITMAN
Date of publication, distribution, etc. 1967
300 ## - PHYSICAL DESCRIPTION
Extent xiv, 271p.: ill; Chat, Figure, Table
Other physical details Index
Dimensions 21cm
942 ## - ADDED ENTRY ELEMENTS (KOHA)
Source of classification or shelving scheme Dewey Decimal Classification
Koha item type Books

No items available.